| 000 | 00977nam a2200313 a 4500 | ||
|---|---|---|---|
| 003 | AR-BaBNM | ||
| 005 | 20251128205518.0 | ||
| 008 | 082120s2002 ||||||||||||||000 | spa|| | ||
| 020 | _a84-317-0593-0 | ||
| 040 | _cAR-BaBNM | ||
| 100 | 1 | _aGalofre Ferrer, Rosa | |
| 245 | 0 | 0 |
_aUna escuela para todos _bdidáctica de la integración |
| 260 |
_aMadrid _bGrupo Cultural Zero _c1986 |
||
| 300 |
_a172 p. _btablas |
||
| 490 | 0 |
_aProyecto didáctico Quirón. Organización escolar _vv. 3 |
|
| 500 | _aContiene en anexos, información referida a centros de enseñanza en España | ||
| 504 | _aBibliografía: p. 171-172 | ||
| 650 | 4 | _aCURRICULO | |
| 650 | 4 | _aINTEGRACION SOCIAL | |
| 650 | 4 | _aTEORIAS DEL APRENDIZAJE | |
| 650 | 4 | _aPSICOLOGIA DEL NIÑO | |
| 650 | 4 | _aDESARROLLO DEL NIÑO | |
| 650 | 4 | _aEVALUACION DEL ALUMNO | |
| 650 | 4 | _aDIDACTICA | |
| 653 | _aPROCESO DE ENSEÑANZA-APRENDIZAJE | ||
| 700 | 1 | _aLizán Cejudo, Nieves | |
| 942 | _cBK | ||
| 998 | _cSILVI | ||
| 999 |
_c11694 _d11694 |
||